[Event "El Prat de Llobregat op 3rd"]
[Site "El Prat de Llobregat"]
[Date "2022.11.11"]
[Round "7"]
[White "Ramon Quintanilla, Pablo"]
[Black "Funes Arroyo, Carlos Alberto"]
[Result "0-1"]
[WhiteElo "1473"]
[BlackElo "1678"]
[PlyCount "66"]
[EventDate "2022.09.30"]
[EventType "swiss"]
[EventRounds "9"]
[EventCountry "ESP"]
[SourceTitle "EXT 2024"]
[Source "ChessBase"]
[SourceDate "2023.10.10"]
[SourceVersion "1"]
[SourceVersionDate "2023.10.10"]
[SourceQuality "1"]

1. e4 c5 2. Nf3 d6 3. d4 cxd4 4. Nxd4 Nf6 5. Nc3 g6 6. Be3 Bg7 7. f3 0-0 8. Bc4 Nc6 9. Qd2 Bd7 10. h4 h5 11. 0-0-0 Rb8 12. Bh6 b5 13. Nxc6 Bxc6 14. Bd3 Qa5 15. Kb1 b4 16. Ne2 Bd7 17. Bc4 Rfc8 18. Bb3 Ba4 19. Bxa4 Qxa4 20. Bxg7 Kxg7 21. Nf4 Rc6 22. Nd5 Ra6 23. Qd3 Qxa2+ 24. Kc1 Nxd5 25. exd5 b3 26. Qc3+ Kh7 27. Kd2 bxc2 28. Kxc2 Qa4+ 29. Kd2 Rb3 30. Qc2 Qf4+ 31. Ke1 Qe5+ 32. Kf1 Rxb2 33. Qd3 Raa2 0-1

[Event "El Prat de Llobregat op 3rd"]
[Site "El Prat de Llobregat"]
[Date "2022.11.04"]
[Round "6"]
[White "Quero Ortega, Juan"]
[Black "Ramon Quintanilla, Pablo"]
[Result "1/2-1/2"]
[WhiteElo "1636"]
[BlackElo "1473"]
[PlyCount "63"]
[EventDate "2022.09.30"]
[EventType "swiss"]
[EventRounds "9"]
[EventCountry "ESP"]
[SourceTitle "EXT 2024"]
[Source "ChessBase"]
[SourceDate "2023.10.10"]
[SourceVersion "1"]
[SourceVersionDate "2023.10.10"]
[SourceQuality "1"]

1. c3 e5 2. d3 d5 3. Nf3 Nc6 4. g3 f5 5. Bg2 Nf6 6. 0-0 Bd6 7. b4 e4 8. Nd4 Nxd4 9. cxd4 Qe7 10. a3 h5 11. Bg5 Qe6 12. Qd2 Nh7 13. h4 Nxg5 14. Qxg5 Qf6 15. Qxf6 gxf6 16. dxe4 fxe4 17. e3 Rg8 18. Nc3 c6 19. Rac1 Bd7 20. Na4 b6 21. Kh2 Rg4 22. Kg1 Rg8 23. Nc3 Bg4 24. Rc2 a5 25. b5 Rc8 26. Na4 cxb5 27. Rxc8+ Bxc8 28. Nc3 Bb7 29. Nxb5 Be7 30. Rc1 f5 31. a4 Kf7 32. Bf1 1/2-1/2

[Event "Barcelona Espluguenc Rapid"]
[Site "Barcelona"]
[Date "2022.09.11"]
[Round "5"]
[White "Harutyunyan Grigoryan, Yuri"]
[Black "Ramon Quintanilla, Pablo"]
[Result "0-1"]
[WhiteElo "1394"]
[BlackElo "1360"]
[PlyCount "72"]
[EventDate "2022.09.11"]
[EventType "swiss (rapid)"]
[EventRounds "7"]
[EventCountry "ESP"]
[SourceTitle "EXT 2023"]
[Source "ChessBase"]
[SourceDate "2022.10.05"]
[SourceVersion "1"]
[SourceVersionDate "2022.10.05"]
[SourceQuality "1"]

1. e4 e5 2. Nf3 Nc6 3. Bc4 Nf6 4. Ng5 d5 5. exd5 Nd4 6. c3 b5 7. cxd4 bxc4 8. Qa4+ Bd7 9. Qxc4 exd4 10. d6 Be6 11. Nxe6 fxe6 12. Qxe6+ Be7 13. Qxe7+ Qxe7+ 14. dxe7 Kxe7 15. d3 Kf7 16. Bg5 Rhe8+ 17. Kd1 Ng4 18. Bh4 Rab8 19. b3 g5 20. Bg3 Re7 21. h3 Nf6 22. Re1 Rxe1+ 23. Kxe1 Nd5 24. Be5 Re8 25. Kd2 Rxe5 26. Na3 Nf4 27. g3 Re2+ 28. Kd1 Rxf2 29. Ke1 Nxd3+ 30. Kd1 Rf1+ 31. Kc2 Rxa1 32. Kxd3 Rxa2 33. Nc4 Rg2 34. Kxd4 Rxg3 35. Ne5+ Ke6 36. Nc6 Rxh3 0-1

[Event "Barcelona Espluguenc Rapid"]
[Site "Barcelona"]
[Date "2022.09.11"]
[Round "7"]
[White "Ramon Quintanilla, Pablo"]
[Black "Gallego Montes, Antonio"]
[Result "0-1"]
[WhiteElo "1360"]
[BlackElo "1851"]
[PlyCount "53"]
[EventDate "2022.09.11"]
[EventType "swiss (rapid)"]
[EventRounds "7"]
[EventCountry "ESP"]
[SourceTitle "EXT 2023"]
[Source "ChessBase"]
[SourceDate "2022.10.05"]
[SourceVersion "1"]
[SourceVersionDate "2022.10.05"]
[SourceQuality "1"]

1. e4 c5 2. d4 cxd4 3. c3 dxc3 4. Nxc3 Nc6 5. Nf3 g6 6. Bc4 e6 7. 0-0 Bg7 8. Bf4 a6 9. Qe2 Nge7 10. Rad1 0-0 11. Rfe1 b5 12. Bb3 Na5 13. Bc2 Nc4 14. b3 Bxc3 15. bxc4 Bxe1 16. Qxe1 bxc4 17. Qc3 f6 18. Qxc4 Kg7 19. Nd4 d5 20. exd5 Nxd5 21. Bg3 Rf7 22. Nc6 Qd7 23. Nb4 Bb7 24. Be4 Qb5 25. Bxd5 Bxd5 26. Nxd5 Qxc4 27. Ra1 0-1

[Event "Barcelona Espluguenc Rapid"]
[Site "Barcelona"]
[Date "2022.09.11"]
[Round "2"]
[White "Ramon Quintanilla, Pablo"]
[Black "Marin Ripoll, Marti"]
[Result "0-1"]
[WhiteElo "1360"]
[BlackElo "1601"]
[PlyCount "93"]
[EventDate "2022.09.11"]
[EventType "swiss (rapid)"]
[EventRounds "7"]
[EventCountry "ESP"]
[SourceTitle "EXT 2023"]
[Source "ChessBase"]
[SourceDate "2022.10.05"]
[SourceVersion "1"]
[SourceVersionDate "2022.10.05"]
[SourceQuality "1"]

1. e4 c5 2. d4 cxd4 3. c3 d5 4. exd5 Qxd5 5. cxd4 Nc6 6. Nf3 e6 7. Nc3 Bb4 8. Bd2 Bxc3 9. Bxc3 Nge7 10. Bd3 b5 11. a3 Bb7 12. 0-0 a5 13. Qd2 b4 14. axb4 axb4 15. Rxa8+ Bxa8 16. Bxb4 Nxd4 17. Qe3 Nxf3+ 18. Qxf3 Qxf3 19. gxf3 Bc6 20. Bxe7 Kxe7 21. Kg2 Rb8 22. Rc1 Bd5 23. Rc2 Kf6 24. Kg3 Rb3 25. Be2 g5 26. Kg4 Kg6 27. Rd2 h5+ 28. Kg3 g4 29. Bd3+ f5 30. fxg4 hxg4 31. Kh4 Rb8 32. Kg3 Kg5 33. h4+ gxh3 34. Kxh3 Rb3 35. Kh2 Rb4 36. Kg1 Kf4 37. Kf1 Bf3 38. Be2 Be4 39. f3 Bxf3 40. Bxf3 Kxf3 41. Rf2+ Ke3 42. Re2+ Kf4 43. Rxe6 Rxb2 44. Re2 Rxe2 45. Kxe2 Kg3 46. Kf1 Kf3 47. Ke1 0-1

[Event "Foment Martinenc op-B 22nd"]
[Site "Barcelona"]
[Date "2022.06.18"]
[Round "9"]
[White "Vardanyan Asilbekyan, Ani"]
[Black "Ramon Quintanilla, Pablo"]
[Result "0-1"]
[WhiteElo "1628"]
[BlackElo "1266"]
[PlyCount "84"]
[EventDate "2022.04.23"]
[EventType "swiss"]
[EventRounds "9"]
[EventCountry "ESP"]
[SourceTitle "EXT 2023"]
[Source "ChessBase"]
[SourceDate "2022.10.05"]
[SourceVersion "1"]
[SourceVersionDate "2022.10.05"]
[SourceQuality "1"]

1. e4 e5 2. Nf3 Nc6 3. Nc3 Nf6 4. a3 Be7 5. d4 exd4 6. Nxd4 d6 7. Be3 0-0 8. Be2 Re8 9. Nxc6 bxc6 10. 0-0 Bb7 11. f3 h6 12. b4 a6 13. Rb1 Qd7 14. Qd2 Rad8 15. Rfd1 Qe6 16. Bd3 d5 17. exd5 Qd7 18. dxc6 Qxc6 19. Rb3 Nd7 20. Qe1 Bg5 21. Be4 Qe6 22. Bxg5 hxg5 23. Kf1 Bxe4 24. Qxe4 Qxe4 25. Nxe4 Nb6 26. Rbd3 Rxd3 27. Rxd3 f6 28. Rc3 Nd5 29. Rc6 Ra8 30. Kf2 a5 31. c4 Nf4 32. b5 Ra7 33. Ra6 Rb7 34. Rxa5 Nd3+ 35. Ke3 Ne5 36. Kd4 Rb6 37. c5 Rb8 38. Nc3 Kf7 39. Ra7 Rd8+ 40. Ke4 Ke6 41. Rxc7 Rd3 42. Ne2 f5# 0-1